000 00991nam a22003137a 4500
003 CHAP
005 20220329140531.0
008 971013s1917 r 00010 d
010 _a53488
011 _a54460
035 _a58611
040 _cCHAP
082 _a514
_bW45Y
100 0 0 _aWells, Webster.
_9121455
245 _aNueva trigonometría plana y esférica
260 _aBoston :
_bHealth,
_c1917
300 _apág. varía
500 _aTabla de logaritmos contres decimales
590 _aBATCH-UPD
_b10
_c20130110
_lUCH01
_h0806
590 _aBATCH-UPD
_b10
_c20130410
_lUCH01
_h0444
590 _aBATCH-UPD
_b10
_c20130914
_lUCH01
_h2055
590 _aCONVERSION
_b10
_c20130109
_lUCH01
_h1329
650 1 4 _aTrigonometría.
_9115144
901 _aBK
942 _cLIBRO
949 _a514 W45Y
_bBC
_cLIBRO
_d-150502
_eLIBRO
_fc.11
_i58611
_si
949 _a514 W45Y
_bBC
_cLIBRO
_d-150503
_eLIBRO
_fc.21
_i58611
_si
949 _a514 W45Y
_bBC
_cMUT
_d33724000405551
_eMUT
_fc.25
_h484
_i58611
_si
999 _c53488
_d53488